| 000 | 00636aam a2200241 4500 | ||
|---|---|---|---|
| 005 | 20251003173642.0 | ||
| 008 | 150615b2001 xxu||||| |||| 00| 0 spa d | ||
| 041 | _aESP | ||
| 082 | _a351.714.6 C8374L | ||
| 100 | _aCosta Rica. Leyes, decretos, etc. | ||
| 245 | _aLey del Sistema Nacional de Archivos N 7202 y su reglamento | ||
| 250 | _a3 edición | ||
| 260 | _aCosta Rica | ||
| 260 | _bCosta Rica | ||
| 260 | _c2003 | ||
| 300 | _a80 páginas | ||
| 490 | _aSecretariado Ejecutivo | ||
| 650 | _aCOSTA RICA | ||
| 650 | _aARCHIVO | ||
| 650 | _aLEY 7202 | ||
| 650 | _aLEY DEL SISTEMA NACIONAL DE ARCHIVOS | ||
| 942 |
_cBK _2ddc |
||
| 999 |
_c1353 _d1353 |
||